Radio valve and transistor data: (Record no. 183478)
[ view plain ]
| 000 -LEADER | |
|---|---|
| fixed length control field | 00737 a2200205 4500 |
| 003 - CONTROL NUMBER IDENTIFIER | |
| control field | Nust |
| 005 - DATE AND TIME OF LATEST TRANSACTION | |
| control field | 20170207153306.0 |
| 010 ## - LIBRARY OF CONGRESS CONTROL NUMBER | |
| LC control number | 75027235 |
| 020 ## - INTERNATIONAL STANDARD BOOK NUMBER | |
| International Standard Book Number | 0592059766 |
| 040 ## - CATALOGING SOURCE | |
| Transcribing agency | Nust |
| 082 00 - DEWEY DECIMAL CLASSIFICATION NUMBER | |
| Classification number | 621.38415 |
| 245 00 - TITLE STATEMENT | |
| Title | Radio valve and transistor data: |
| Remainder of title | characteristics of 3,000 valves and cathode ray tubes, 4,500 transistors, diodes, rectifiers and integrated circuits. |
| 250 ## - EDITION STATEMENT | |
| Edition statement | 9th ed., |
| Remainder of edition statement | compiled by A. M. Ball. |
| 260 ## - PUBLICATION, DISTRIBUTION, ETC. | |
| Place of publication, distribution, etc. | London, |
| Name of publisher, distributor, etc. | Iliffe, |
| Date of publication, distribution, etc. | 1970. |
| 300 ## - PHYSICAL DESCRIPTION | |
| Extent | vii, 232 p. |
| Other physical details | illus. |
| Dimensions | 28 cm. |
| 505 ## - FORMATTED CONTENTS NOTE | |
| Formatted contents note | Value Data (Page-1) Semiconductor Device Data (Page-79) Base Diagrams Trade Names and Indexes (Page-167) |
| 538 ## - SYSTEM DETAILS NOTE | |
| System details note | Almirah No. 39 Shelf No. 6 |
| 650 #0 - SUBJECT ADDED ENTRY--TOPICAL TERM | |
| Topical term or geographic name entry element | Electron tubes. |
| 700 1# - ADDED ENTRY--PERSONAL NAME | |
| Personal name | Ball, Anthony Michael, |
| 942 ## - ADDED ENTRY ELEMENTS (KOHA) | |
| Source of classification or shelving scheme | |
| Koha item type | Book |
| Withdrawn status | Lost status | Source of classification or shelving scheme | Damaged status | Not for loan | Permanent Location | Current Location | Shelving location | Date acquired | Full call number | Barcode | Date last seen | Price effective from | Koha item type | Public note |
|---|---|---|---|---|---|---|---|---|---|---|---|---|---|---|
| Military College of Signals (MCS) | Military College of Signals (MCS) | General Stacks | 12/12/2016 | 621.38415,BAL | MCS6656 | 12/08/2016 | 12/12/2016 | Book | Almirah No.84, Shelf No.2 |
